000 00317 a2200121 4500
000 nam a22 7a 4500
005 20260409115719.0
020 _a9781032377186
100 _aEdited By Hemangini Gupta
_91234456
245 _aFeminist Studies : An Introductory Reader
260 _bRoutledge
_c2025
942 _cTEXL
999 _c1848160
_d1848160